000 01955nam a2200193Ia 4500
003 OSt
005 20210826155704.0
008 210310s1993 ck fr 100 0 spa d
040 _aCO-JMCR
_cCO-JMCR
041 0 _aspa
082 0 4 _a332.642 /
_bE562b3
_223
111 2 _aEncuentro de Comisionistas
_n(8° :
_d1993 :
_cCartagena)
_939740
245 1 0 _aMemorias :
_bVIII Encuentro Nacional de Comisionistas de Bolsas de Valores /
_cBolsas de Valores de Bogotá, Medellín y Occidente
260 _aCartagena :
_bBolsa de Valores de Colombia,
_c1993
300 _a121 páginas ;
_c27 cm.
505 0 _tSesión de Apertura. Palabras del Presidente de la Bolsa de Bogotá /
_rDoctor Daniel Mazuera Gómez
_tInstalación del Encuentro a cargo del Señor Superintendente de Valores. /
_rDoctor Luis Fernando López Roca
_tExperiencia del Mercado de Valores Londinense en el Proceso de Desregulación Financiera /
_rDoctor Maurice de Bunsen Director para América Latina de Baring Brothers - Londres
_tLas Nuevas Realidades de la regulación bursátil en Colombia Intervención del Señor Presidente de la Bolsa de Valores de Medellín. /
_rDoctor Jairo Escobar Padrón
_tPolítica de Regulación Bursátil en Colombia. /
_rUlpiano Ayala Viceministro Técnico de Hacienda y Crédito Público
_tEstructura y Características de las Firmas Comisionistas de Bolsa en un mercado desregulado. /
_rDr José Miguel Barros. Gerente de inversiones Larrain Vial SA Firma Comisionista de la Bolsa de Comercio de Santiago de Chile
_tPanel con los Comisionistas de las tres Bolsas de Valores y los invitados especiales /
_rDr Barros (Chile) y el Dr Bunsen (Inglaterra)
_tIntervención del Señor Presidente de la Bolsa de Occidente. /
_rDr Julián Domínguez Rivera
_tPalabras de Clausura a cargo del Señor Ministro de Hacienda y Crédito Público. /
_rDr Rudolf Hommes
650 1 4 _aBolsa de valores
_916255
_xEnsayos, conferencias, etc.
_zColombia
942 _2ddc
_cBK
999 _c8071
_d8071